[Event "2019 Standard Chess Dropout Tournament, Round 3"]
[Site "SchemingMind.com"]
[Date "2019.08.14"]
[Round "3"]
[White "bmariusz"]
[Black "Johnny Owens"]
[Result "1-0"]
[WhiteCountry "POL"]
[BlackCountry "USA"]
[WhiteElo "2047"]
[WhiteRD "112"]
[BlackElo "2257"]
[BlackRD "90"]
[GameID "444694"]

1. e4 d5 2. exd5 Qxd5 3. Nc3 Qd6 4. d4 Nf6 5. Nf3 c6 6. h3 Bf5 7. g4 Bg6 8. Bg2 Nbd7 9. O-O e6 10. Ne2 h6
11. a3 Qb8 12. Nf4 Be4 13. Re1 Bd6 14. Nh5 O-O 15. Nxf6+ Nxf6 16. g5 hxg5 17. Bxg5 Bf5 18. Bxf6 gxf6 19. c4 Kh8 20. d5 Rg8
21. Nd4 Bh7 22. dxe6 Qf8 23. Kh1 Be5 24. Nf3 Bxb2 25. Ra2 Rd8 26. Qe2 Qg7 27. Rg1
1-0

[Event "2019 Standard Chess Dropout Tournament, Round 3"]
[Site "SchemingMind.com"]
[Date "2019.08.15"]
[Round "3"]
[White "Robert Bruce"]
[Black "Andreas Flato"]
[Result "1-0"]
[WhiteCountry "SCO"]
[BlackCountry "GER"]
[WhiteElo "2441"]
[WhiteRD "74"]
[BlackElo "1846"]
[BlackRD "115"]
[GameID "444696"]

1. f4 d5 2. Nf3 Nf6 3. e3 c5 4. b3 Bg4 5. Bb2 Nc6 6. Be2 e6 7. O-O Be7 8. d3 Qc7 9. h3 Bh5 10. Ne5 Bxe2
11. Qxe2 Nxe5 12. Bxe5 Bd6 13. Bxf6 gxf6 14. c4 d4 15. exd4 cxd4 16. f5 e5 17. Nd2 Ke7 18. Qh5 Rag8 19. Ne4 Qc6 20. Qh6 Bc7
21. b4 a6 22. b5 axb5 23. cxb5 Qxb5 24. Rfc1 Qxd3 25. Rxc7+ Kd8 26. Qxf6+ Kxc7 27. Qd6+
1-0

[Event "2019 Standard Chess Dropout Tournament, Round 3"]
[Site "SchemingMind.com"]
[Date "2019.08.19"]
[Round "3"]
[White "DANDYLIONHONEYBADGER"]
[Black "anne"]
[Result "0-1"]
[WhiteCountry "USA"]
[BlackCountry "GER"]
[WhiteElo "1395"]
[WhiteRD "77"]
[BlackElo "2077"]
[BlackRD "88"]
[GameID "444698"]

1. Nc3 d5 2. d4 Nf6 3. f3 c5 4. Be3 Nc6 5. g3 cxd4 6. Bxd4 e5 7. Bf2 d4 8. Ne4 Nxe4 9. fxe4 Qa5+ 10. Qd2 Bb4
11. c3 dxc3 12. Qg5 c2+
0-1

[Event "2019 Standard Chess Dropout Tournament, Round 3"]
[Site "SchemingMind.com"]
[Date "2019.08.19"]
[Round "3"]
[White "Diadoco"]
[Black "echecs"]
[Result "1-0"]
[WhiteCountry "MEX"]
[BlackCountry "ENG"]
[WhiteElo "2011"]
[WhiteRD "97"]
[BlackElo "1788"]
[BlackRD "72"]
[GameID "444699"]

1. e4 e5 2. Nf3 Nc6 3. Bc4 Bc5 4. c3 Nf6 5. d3 O-O 6. Nbd2 Ng4 7. O-O Be7 8. h3 Nf6 9. d4 d6 10. Re1 a6
11. a4 Bd7 12. Nf1 Qc8 13. Kh2 Na5 14. Bd3 b6 15. dxe5 dxe5 16. Nxe5 Be6 17. Be3 Nb3 18. Rb1 Nc5 19. Bxc5 Bxc5 20. f4 Bd6
21. Qf3 Nd7 22. Nxd7 Bxd7 23. e5 Be7 24. Ng3 Bh4 25. Bxh7+ Kxh7 26. Qh5+ Kg8 27. Qxh4 Bxa4 28. Ne4 Qf5 29. Re3 Bc2 30. Nf6+ gxf6
31. Rg3+ Qg6 32. exf6 Bxb1 33. Qh6
1-0

[Event "2019 Standard Chess Dropout Tournament, Round 3"]
[Site "SchemingMind.com"]
[Date "2019.08.15"]
[Round "3"]
[White "Dicken"]
[Black "Apocalypse"]
[Result "1-0"]
[WhiteCountry "GER"]
[BlackCountry "USA"]
[WhiteElo "2275"]
[WhiteRD "85"]
[BlackElo "2276"]
[BlackRD "84"]
[GameID "444700"]

1. e4 c5 2. Nf3 Nc6 3. d4 cxd4 4. Nxd4 e6 5. Nc3 a6 6. Be2 Qc7 7. O-O Be7 8. Kh1 Nf6 9. f4 d5 10. e5 Nxd4
11. Qxd4 Nd7 12. Be3 O-O 13. Qd2 b6 14. Bf3 Bb7 15. Ne2 Nc5 16. Nd4 a5 17. Rac1 Ba6 18. Rfd1 Rac8 19. Qf2 Rfe8 20. Qg3 Bf8
21. f5 a4 22. b3 b5 23. c3 axb3 24. axb3 Ne4 25. Bxe4 dxe4 26. f6 g6 27. h4 Red8 28. Ra1 Ra8 29. Rf1 Rdc8 30. h5 Re8
31. Kh2
1-0

[Event "2019 Standard Chess Dropout Tournament, Round 3"]
[Site "SchemingMind.com"]
[Date "2019.08.17"]
[Round "3"]
[White "Don71"]
[Black "Ragged Rook"]
[Result "1-0"]
[WhiteCountry "NIR"]
[BlackCountry "ENG"]
[WhiteElo "2415"]
[WhiteRD "102"]
[BlackElo "1851"]
[BlackRD "100"]
[GameID "444701"]

1. e4 e5 2. Nf3 d5 3. exd5 Bd6 4. d4 e4 5. Ne5 Nf6 6. Bb5+ c6 7. dxc6 bxc6 8. Be2 O-O 9. Nc3 Qe7 10. Nc4 Bb4
11. Bg5 Rd8 12. O-O h6 13. Bxf6 Qxf6 14. Nxe4 Qg6 15. Bd3 Bf5 16. Ne5 Qe6 17. c3 Bf8 18. Qf3 g6 19. Bc4 Bxe4 20. Qxe4
1-0

[Event "2019 Standard Chess Dropout Tournament, Round 3"]
[Site "SchemingMind.com"]
[Date "2019.08.19"]
[Round "3"]
[White "echecs"]
[Black "Janusz Szopa"]
[Result "0-1"]
[WhiteCountry "ENG"]
[BlackCountry "POL"]
[WhiteElo "1770"]
[WhiteRD "76"]
[BlackElo "2433"]
[BlackRD "91"]
[GameID "444702"]

1. e4 e6 2. d4 d5 3. e5 c5 4. c3 Nc6 5. Nf3 Qb6 6. Be2 cxd4 7. cxd4 Nge7 8. O-O Bd7 9. b3 Nf5 10. Bb2 h5
11. Qd3 Be7 12. Rd1 g5 13. h3 g4 14. hxg4 hxg4 15. Nh2 g3 16. Ng4 gxf2+ 17. Nxf2 Ncxd4 18. Bxd4 Nxd4 19. Qxd4 Bc5 20. Qf4 Bxf2+
0-1

[Event "2019 Standard Chess Dropout Tournament, Round 3"]
[Site "SchemingMind.com"]
[Date "2019.08.18"]
[Round "3"]
[White "edg"]
[Black "FransEvers"]
[Result "0-1"]
[WhiteCountry "USA"]
[BlackCountry "NED"]
[WhiteElo "1708"]
[WhiteRD "71"]
[BlackElo "1947"]
[BlackRD "105"]
[GameID "444704"]

1. b3 e5 2. Bb2 Nc6 3. e3 d5 4. Bb5 Bd6 5. h3 Ne7 6. Nc3 O-O 7. Bxc6 bxc6 8. d3 Rb8 9. Nf3 Re8 10. Qd2 c5
11. O-O f5 12. Ne2 Ng6 13. Nc3 d4 14. Ne2 Bb7 15. Ne1 Qg5 16. f4 Qh6 17. Bc1 exf4 18. exf4 Re3 19. Rf2 Rbe8 20. Bb2 Bxf4
21. Nxf4 Nxf4 22. c3 Nxh3+ 23. gxh3 Qh4 24. Rh2 Rxe1+
0-1

[Event "2019 Standard Chess Dropout Tournament, Round 3"]
[Site "SchemingMind.com"]
[Date "2019.08.15"]
[Round "3"]
[White "frankly"]
[Black "Ramesh Panwar"]
[Result "1/2-1/2"]
[WhiteCountry "ENG"]
[BlackCountry "IND"]
[WhiteElo "2639"]
[WhiteRD "71"]
[BlackElo "2555"]
[BlackRD "77"]
[GameID "444705"]

1. d4 d5 2. Nf3 Nf6 3. c4 e6 4. Nc3 Be7 5. Bf4 O-O 6. e3 c5 7. dxc5 Bxc5 8. a3 Nc6 9. Qc2 Qa5 10. Rd1 Be7
11. Be2 Ne4 12. cxd5 Nxc3 13. bxc3 exd5 14. O-O Rd8 15. a4 Qc5 16. Nd4 Bf6 17. h3 g6 18. Qb2 b6 19. Rb1 Kg7 20. Rfd1 Bb7
21. Nf3 Qxc3 22. Qb5 Na5 23. Rdc1 Bc6 24. Qa6 Qa3 25. Ne5 Bb7 26. Qb5 Rac8 27. Rxc8 Bxc8 28. Ng4 Be7 29. Bc7 Bd7 30. Qa6 Bf5
31. Rd1 Rd7 32. Bf4 g5 33. Bg3 f6 34. Qc8 Qxa4 35. Ne5 fxe5 36. Bxe5+ Bf6 37. Bxf6+=
1/2-1/2

[Event "2019 Standard Chess Dropout Tournament, Round 3"]
[Site "SchemingMind.com"]
[Date "2019.08.15"]
[Round "3"]
[White "FransEvers"]
[Black "Glenn O'Brien"]
[Result "0-1"]
[WhiteCountry "NED"]
[BlackCountry "AUS"]
[WhiteElo "1947"]
[WhiteRD "105"]
[BlackElo "1951"]
[BlackRD "87"]
[GameID "444706"]

1. e4 e5 2. Nf3 Nc6 3. Bb5 a6 4. Ba4 Nf6 5. O-O Be7 6. Re1 b5 7. Bb3 O-O 8. c3 d6 9. h3 Na5 10. Bc2 c5
11. d4 Qc7 12. Nbd2 cxd4 13. cxd4 Nc6 14. Nb3 a5 15. Be3 a4 16. Nbd2 Bd7 17. Rc1 Qb7 18. a3 Rfc8 19. Bb1 exd4 20. Nxd4 Ne5
21. Rxc8+ Rxc8 22. Nf5 Bxf5 23. exf5 Nd5 24. Bd4 Nf4 25. Be4 Qb8 26. Nf3 Nc4 27. Qb1 d5 28. Bc2 Bxa3 29. f6 g6 30. bxa3 Nxa3
31. Be5 Qb6 32. Qb4 Nxh3+ 33. gxh3 Nxc2 34. Qh4 Nxe1 35. Nxe1 h5 36. Qb4 Qc5 37. Qa5 Qc1 38. Kh2 Qd1 39. Qa6 Rd8 40. Qb6 Ra8
41. Qc6 Rf8 42. Bc3 a3 43. Qa6 Qc1
0-1

[Event "2019 Standard Chess Dropout Tournament, Round 3"]
[Site "SchemingMind.com"]
[Date "2019.08.19"]
[Round "3"]
[White "George Dimitrov"]
[Black "Stephen Woodhouse"]
[Result "1-0"]
[WhiteCountry "BUL"]
[BlackCountry "ENG"]
[WhiteElo "2461"]
[WhiteRD "99"]
[BlackElo "1850"]
[BlackRD "103"]
[GameID "444707"]

1. e4 e6 2. d4 d5 3. Nc3 dxe4 4. Nxe4 Nd7 5. Nf3 Ngf6 6. Nxf6+ Nxf6 7. Bd3 c5 8. Be3 Qc7 9. Qe2 Bd6 10. O-O O-O
11. Rad1 Bd7 12. dxc5 Bxc5 13. Bxc5 Qxc5 14. Rd2 Rfd8 15. Rfd1 Qc7 16. Qe5 Rac8 17. c4 Qxe5 18. Nxe5 Kf8 19. Bxh7 Nxh7 20. Rxd7 Rxd7
21. Rxd7 f6 22. Ng6+ Ke8 23. Rxb7 Rxc4 24. h4 Ra4 25. Re7+ Kd8 26. Rxg7 Rxa2 27. Rxh7 a5 28. h5 Rxb2 29. Rg7 Rb5 30. g4 Rg5
31. f3 f5 32. h6 fxg4 33. Nf4
1-0

[Event "2019 Standard Chess Dropout Tournament, Round 3"]
[Site "SchemingMind.com"]
[Date "2019.08.15"]
[Round "3"]
[White "Glenn O'Brien"]
[Black "JPT"]
[Result "0-1"]
[WhiteCountry "AUS"]
[BlackCountry "INT"]
[WhiteElo "1943"]
[WhiteRD "86"]
[BlackElo "1826"]
[BlackRD "91"]
[GameID "444708"]

1. e4 e5 2. Nf3 Nc6 3. Bb5 a6 4. Ba4 Nf6 5. O-O Be7 6. Re1 b5 7. Bb3 d6 8. c3 Na5 9. Bc2 c5 10. d4 Qc7
11. Nbd2 Bb7 12. Nf1 Rd8 13. d5 Bc8 14. Ne3 c4 15. b4 Nb7 16. a4 Bd7 17. axb5 axb5 18. Nh4 Nxe4 19. Bxe4 Bxh4 20. Qh5 Bf6
21. Bxh7 g6 22. Qh6 Ke7 23. Ra7 Qb8 24. Rxb7 Qxb7 25. Kf1 Rxh7 26. Qxh7 Rh8 27. Qxh8 Bxh8 28. Kg1 Bg7 29. g3 f5 30. f4 e4
31. Bd2 Qa7 32. Rc1 Bc8 33. h4 Bb7 34. Kf1 Qa8 35. h5 Bxd5 36. hxg6 Be6 37. Ke2 Qh8 38. g4 fxg4 39. f5 Bg8 40. Rg1 Bxc3
41. Rxg4 d5 42. Bxc3 Qxc3 43. Rg3 Qe5 44. Rg2 d4 45. Nd1 Qxf5
0-1

[Event "2019 Standard Chess Dropout Tournament, Round 3"]
[Site "SchemingMind.com"]
[Date "2019.08.19"]
[Round "3"]
[White "Helga1946"]
[Black "DANDYLIONHONEYBADGER"]
[Result "1-0"]
[WhiteCountry "GER"]
[BlackCountry "USA"]
[WhiteElo "2235"]
[WhiteRD "64"]
[BlackElo "1395"]
[BlackRD "77"]
[GameID "444709"]

1. d4 e6 2. Bf4 Na6 3. h3 h6 4. e3 d6 5. c4 c5 6. Qd2 g5 7. Bh2 Nf6 8. Nc3 Nc7 9. Rd1 Be7 10. dxc5 dxc5
11. Qxd8+ Bxd8 12. Be5 Bd7 13. Ne4 Nxe4 14. Bxh8 f6 15. Bd3 Nd6 16. Bg6+ Nf7 17. h4 Bc6 18. hxg5 Ke7 19. Bxf6+ Kf8 20. Rxd8+ Rxd8
21. gxh6 Rd7 22. h7 Ba4 23. h8=Q+ Nxh8 24. Rxh8#
1-0

[Event "2019 Standard Chess Dropout Tournament, Round 3"]
[Site "SchemingMind.com"]
[Date "2019.08.16"]
[Round "3"]
[White "John Hamer"]
[Black "George Dimitrov"]
[Result "0-1"]
[WhiteCountry "ENG"]
[BlackCountry "BUL"]
[WhiteElo "1984"]
[WhiteRD "69"]
[BlackElo "2461"]
[BlackRD "99"]
[GameID "444710"]

1. c4 Nf6 2. Nf3 c5 3. g3 b6 4. Bg2 Bb7 5. O-O g6 6. Nc3 Bg7 7. Re1 Ne4 8. Nxe4 Bxe4 9. d4 O-O 10. d5 e6
11. Nd2 Bxg2 12. Kxg2 exd5 13. cxd5 d6 14. Ne4 Nd7 15. Nxd6 Nf6 16. Bf4 Nh5 17. Ne4 Nxf4+ 18. gxf4 Bxb2 19. Rb1 Bg7 20. e3 Re8
21. Ng3 Qd7 22. e4 Bc3 23. Rf1 Bd4 24. f3 Be3 25. Ne2 Qd6 26. e5 Qd8 27. Kh1 Qh4 28. Qe1 Qxe1 29. Rfxe1 g5 30. fxg5 Rxe5
31. Nc3 Rd8 32. h4 Bd4 33. Nb5= Rdxd5 34. Nxa7 c4 35. Rxe5 Bxe5 36. Nc6 Bd6 37. Rc1 b5 38. Rc2 h6 39. gxh6 Rh5 40. Rg2+ Kf8
41. Rg4 c3 42. Nd4 f5 43. Nxf5 c2 44. Rg1 Bf4 45. Ng3 Rxh4+ 46. Kg2 Rxh6 47. Ne2 Rh2+ 48. Kf1 Be3
0-1

[Event "2019 Standard Chess Dropout Tournament, Round 3"]
[Site "SchemingMind.com"]
[Date "2019.08.16"]
[Round "3"]
[White "Janusz Szopa"]
[Black "splinter"]
[Result "1-0"]
[WhiteCountry "POL"]
[BlackCountry "CAN"]
[WhiteElo "2433"]
[WhiteRD "91"]
[BlackElo "1814"]
[BlackRD "77"]
[GameID "444711"]

1. e4 c5 2. Nf3 Nc6 3. d4 cxd4 4. Nxd4 g6 5. Nc3 Bg7 6. Be3 d6 7. Qd2 Nf6 8. f3 O-O 9. Bc4 a6 10. Bb3 Na5
11. Bh6 Nxb3 12. axb3 Bd7 13. h4 Rc8 14. h5 Re8 15. Bxg7 Kxg7 16. hxg6 fxg6 17. Qh6+ Kf7 18. g4 Rh8 19. g5 Ng8 20. Qh4 e5
21. Nde2 Be6 22. f4 exf4 23. Nxf4 Qd7 24. Qf2 h6 25. Nxe6+ Kxe6 26. O-O-O Rh7 27. e5 Rc6 28. exd6 Rxd6 29. Rhe1#
1-0

[Event "2019 Standard Chess Dropout Tournament, Round 3"]
[Site "SchemingMind.com"]
[Date "2019.08.14"]
[Round "3"]
[White "JimM"]
[Black "surfnsuds"]
[Result "1-0"]
[WhiteCountry "USA"]
[BlackCountry "USA"]
[WhiteElo "1696"]
[WhiteRD "85"]
[BlackElo "1379"]
[BlackRD "83"]
[GameID "444712"]

1. e4 e5 2. Nf3 Nc6 3. Bb5 d6 4. d4 exd4 5. Nxd4 Bd7 6. Bc4 Qf6 7. Be3 O-O-O 8. Nc3 Nge7 9. O-O Ng6 10. Nxc6 Bxc6
11. Bxa7 b6 12. Ba6+ Bb7 13. Qd5 Bxa6 14. Qa8+ Kd7 15. Qd5 Bxf1 16. Kxf1 c6 17. Qd3 b5 18. Re1 Kc8 19. a4 Rd7 20. Be3 Ne5
21. Qe2 Nc4 22. axb5 cxb5 23. Ra1 Nxb2 24. Ra8+ Kb7 25. Ra7+ Kc6 26. Qxb5#
1-0

[Event "2019 Standard Chess Dropout Tournament, Round 3"]
[Site "SchemingMind.com"]
[Date "2019.08.19"]
[Round "3"]
[White "Sebastian Strauchler"]
[Black "sbb"]
[Result "1/2-1/2"]
[WhiteCountry "ARG"]
[BlackCountry "USA"]
[WhiteElo "2275"]
[WhiteRD "121"]
[BlackElo "2546"]
[BlackRD "101"]
[GameID "444713"]

1. e4 e5 2. Nf3 Nc6 3. Bb5 a6 4. Ba4 Nf6 5. O-O Be7 6. Re1 b5 7. Bb3 d6 8. c3 O-O 9. h3 Nb8 10. d4 Nbd7
11. Nbd2 Bb7 12. Bc2 Re8 13. Nf1 Bf8 14. Ng3 g6 15. a4 c5 16. d5 c4 17. Bg5 Nc5 18. Qd2 Be7 19. Bh6 Nfd7 20. Nh2 Nxa4
21. Bxa4 bxa4 22. Rxa4 a5 23. Ng4 Ba6 24. f4 Nc5 25. Raa1 Nb3 26. Qf2 Nxa1 27. fxe5 dxe5= 28. Rxa1 Bh4 29. Rf1 Qe7= 30. Be3 f6
31. Nxf6+ Qxf6 32. Qxf6 Bxf6 33. Rxf6 Rf8 34. Re6 Rfe8 35. Rc6 Rec8 36. Re6 Re8 37. Rf6=
1/2-1/2

[Event "2019 Standard Chess Dropout Tournament, Round 3"]
[Site "SchemingMind.com"]
[Date "2019.08.15"]
[Round "3"]
[White "JPT"]
[Black "Ronald R. Nurmi"]
[Result "1-0"]
[WhiteCountry "INT"]
[BlackCountry "USA"]
[WhiteElo "1764"]
[WhiteRD "92"]
[BlackElo "1767"]
[BlackRD "89"]
[GameID "444714"]

1. e4 d5 2. e5 c5 3. Nc3 Nc6 4. Bb5 e6 5. Nf3 Bd7 6. d4 cxd4 7. Nxd4 Nxe5 8. Bxd7+ Qxd7 9. O-O Nf6 10. Bf4 Nc6
11. Nxc6 Qxc6 12. Re1 Bb4 13. Be5 Be7 14. Qd3 O-O 15. Ne2 Rac8 16. c3 Rfd8 17. Nd4 Qc4 18. Qg3 g6 19. Qg5 Kg7 20. Bf4 Ng8
21. Qg3 Bf6 22. h4 Bxd4 23. cxd4 Qd3 24. Qxd3
1-0

[Event "2019 Standard Chess Dropout Tournament, Round 3"]
[Site "SchemingMind.com"]
[Date "2019.08.19"]
[Round "3"]
[White "Keithk"]
[Black "Sebastian Strauchler"]
[Result "1-0"]
[WhiteCountry "ENG"]
[BlackCountry "ARG"]
[WhiteElo "2601"]
[WhiteRD "72"]
[BlackElo "2271"]
[BlackRD "123"]
[GameID "444715"]

1. e4 c5 2. Nf3 Nc6 3. d4 cxd4 4. Nxd4 g6 5. Nc3 Bg7 6. Be3 Nf6 7. Bc4 O-O 8. Bb3 d6 9. f3 Bd7 10. Qd2 Nxd4
11. Bxd4 b5 12. h4 a5 13. h5 a4 14. Bd5 b4 15. Bxf6 exf6 16. Ne2 Rc8 17. O-O-O f5 18. Nd4 a3 19. Kb1 Qf6 20. Qxb4 axb2
21. Qb7 Rcd8 22. exf5 Bxf5 23. Nxf5 gxf5 24. g4 h6 25. Rhg1 Kh8 26. Bb3 fxg4 27. fxg4 Qg5 28. Bxf7 Rb8 29. Qd7 Ra8 30. Be6 Rfd8
31. Qb7 Qe3 32. Rge1 Qc3 33. g5 Ra5 34. Rg1 Rc5 35. Qe4 Rxg5 36. Rxg5 hxg5 37. h6 Be5 38. Rf1 Bf4 39. Qf5 Qe5 40. Qf7
1-0

[Event "2019 Standard Chess Dropout Tournament, Round 3"]
[Site "SchemingMind.com"]
[Date "2019.08.15"]
[Round "3"]
[White "kenneth m day"]
[Black "Raymond de Kemp"]
[Result "0-1"]
[WhiteCountry "USA"]
[BlackCountry "NED"]
[WhiteElo "1720"]
[WhiteRD "51"]
[BlackElo "1734"]
[BlackRD "80"]
[GameID "444716"]

1. e4 e5 2. f4 exf4 3. Nf3 Be7 4. Bc4 Nf6 5. d3 d5 6. exd5 Nxd5 7. O-O O-O 8. Bxd5 Qxd5 9. Nc3 Qd8 10. Bxf4 c6
11. Qe2 Re8 12. Rae1 Bc5+ 13. d4 Rxe2 14. Rxe2 Be7 15. Rfe1 Be6 16. Be5 Nd7 17. Bf4 h6 18. Ne4 Bg4 19. h3 Bxf3 20. gxf3 Bh4
21. Rd1 Qa5 22. a3 Qh5 23. Re3 Nf6 24. Rdd3 Nd5 25. Bg3 Nxe3 26. Bxh4 Qxh4
0-1

[Event "2019 Standard Chess Dropout Tournament, Round 3"]
[Site "SchemingMind.com"]
[Date "2019.08.15"]
[Round "3"]
[White "klagefall"]
[Black "Ed Mason"]
[Result "1-0"]
[WhiteCountry "GER"]
[BlackCountry "WLS"]
[WhiteElo "2034"]
[WhiteRD "124"]
[BlackElo "1744"]
[BlackRD "111"]
[GameID "444717"]

1. d4 Nf6 2. Nf3 d6 3. c4 Nc6 4. d5 Nb8 5. Nc3 Bg4 6. Qb3 b6 7. Nd4 a6 8. e4 g6 9. Be3 Bg7 10. f3 Bd7
11. Be2 O-O 12. O-O e5 13. dxe6 Bxe6 14. Nxe6 fxe6 15. c5 Kh8 16. cxb6 Nfd7 17. b7
1-0

[Event "2019 Standard Chess Dropout Tournament, Round 3"]
[Site "SchemingMind.com"]
[Date "2019.08.14"]
[Round "3"]
[White "Thomas Jacob Kelly"]
[Black "malcolm chugg"]
[Result "1-0"]
[WhiteCountry "USA"]
[BlackCountry "WLS"]
[WhiteElo "1725"]
[WhiteRD "81"]
[BlackElo "1253"]
[BlackRD "53"]
[GameID "444718"]

1. e4 e5 2. Nf3 d6 3. d4 Nd7 4. Bc4 f6 5. Nh4 Ne7 6. c3 Nb6 7. f4 Nxc4 8. Qa4+ Qd7 9. Qxc4 b5 10. Qe2 g6
11. fxe5 dxe5 12. Be3 Bb7 13. Nd2 O-O-O 14. Nhf3 Nc6 15. d5 Na5 16. Bxa7 c6 17. Bb6 Re8 18. Bxa5 Qg4 19. O-O h5 20. c4 Ba6
21. Rfc1 Bc5+ 22. Kh1 Kb8 23. cxb5 Bxb5 24. Qd1 g5 25. Rxc5 h4 26. Qb3 Qd7 27. Rxc6 Rh7 28. Qxb5+ Qb7 29. Rb6
1-0

[Event "2019 Standard Chess Dropout Tournament, Round 3"]
[Site "SchemingMind.com"]
[Date "2019.08.14"]
[Round "3"]
[White "Johnny Owens"]
[Black "Massey Ferguson"]
[Result "0-1"]
[WhiteCountry "USA"]
[BlackCountry "ENG"]
[WhiteElo "2331"]
[WhiteRD "87"]
[BlackElo "2165"]
[BlackRD "110"]
[GameID "444719"]

1. Nf3 Nf6 2. b3 g6 3. Bb2 Bg7 4. g3 O-O 5. Bg2 c5 6. c4 d6 7. d4 Nc6 8. d5 Na5 9. O-O a6 10. Bc3 b5
11. Nbd2 Bd7 12. Qc2 Rb8 13. Rfe1 Nh5 14. e4 Re8 15. e5 Bf5 16. Qc1 Qc7 17. h3 Bd7 18. Nf1 dxe5 19. Nxe5 b4 20. Bb2 Rbd8
21. g4 Nf6
0-1

[Event "2019 Standard Chess Dropout Tournament, Round 3"]
[Site "SchemingMind.com"]
[Date "2019.08.14"]
[Round "3"]
[White "William Lindberg"]
[Black "2curious"]
[Result "1-0"]
[WhiteCountry "USA"]
[BlackCountry "USA"]
[WhiteElo "2500"]
[WhiteRD "63"]
[BlackElo "1960"]
[BlackRD "113"]
[GameID "444720"]

1. c4 e5 2. g3 g6 3. Bg2 Nc6 4. e3 Bg7 5. Ne2 Nf6 6. Nbc3 O-O 7. O-O Re8 8. d4 exd4 9. exd4 d6 10. Bf4 Rb8
11. Qd2 Bf5 12. Bg5 Qd7 13. f3 d5 14. g4 Be6 15. Rad1 b6 16. h3 Qd6 17. f4 Ne7 18. f5 gxf5 19. Bf4 Qd7 20. Bh6 Ng6
21. Bxg7 Kxg7 22. gxf5 Bxf5 23. Ng3 Bxh3 24. Rxf6 Bxg2 25. Kxg2 Kxf6 26. Nxd5+ Kg7 27. Rh1
1-0

[Event "2019 Standard Chess Dropout Tournament, Round 3"]
[Site "SchemingMind.com"]
[Date "2019.08.18"]
[Round "3"]
[White "Clive Everill"]
[Black "edg"]
[Result "1-0"]
[WhiteCountry "CZE"]
[BlackCountry "USA"]
[WhiteElo "1771"]
[WhiteRD "61"]
[BlackElo "1700"]
[BlackRD "71"]
[GameID "444721"]

1. e4 c5 2. Nc3 Nc6 3. Bb5 Nd4 4. Bc4 a6 5. a4 e6 6. Nge2 Nxe2 7. Qxe2 d6 8. O-O Nf6 9. d3 Be7 10. Bg5 O-O
11. f4 Nd7 12. Bxe7 Qxe7 13. Rae1 b6 14. f5 exf5 15. exf5 Qxe2 16. Rxe2 Nf6 17. Nd5 Nxd5 18. Bxd5 Ra7 19. g4 Rd8 20. Rfe1 Kf8
21. Bc6 Rc7 22. Re8+
1-0

[Event "2019 Standard Chess Dropout Tournament, Round 3"]
[Site "SchemingMind.com"]
[Date "2019.08.18"]
[Round "3"]
[White "malcolm chugg"]
[Black "Don71"]
[Result "0-1"]
[WhiteCountry "WLS"]
[BlackCountry "NIR"]
[WhiteElo "1270"]
[WhiteRD "58"]
[BlackElo "2415"]
[BlackRD "102"]
[GameID "444722"]

1. f4 Nf6 2. Nc3 d5 3. e3 e6 4. Nf3 c5 5. d4 Be7 6. Bd2 O-O 7. Qe2 Nc6 8. a3 a6 9. h3 Ne4 10. Nxe4 dxe4
11. Ne5 Bh4+ 12. Kd1 cxd4 13. Kc1 Nxe5 14. fxe5 f5 15. Rg1 Bg3 16. Bb4 Rf7 17. Qc4 Bxe5 18. Qb3 dxe3 19. Bc4 Qc7 20. Re1 f4
21. Bc3 Bxc3 22. Qxc3 Bd7 23. b3 b5 24. Rd1 bxc4 25. bxc4 e2 26. Re1 f3 27. gxf3 exf3 28. Kb2 Rb8+ 29. Ka2 Bb5 30. Rab1 Bxc4+
31. Ka1 f2 32. Rxb8+ Qxb8
0-1

[Event "2019 Standard Chess Dropout Tournament, Round 3"]
[Site "SchemingMind.com"]
[Date "2019.08.15"]
[Round "3"]
[White "Massey Ferguson"]
[Black "frankly"]
[Result "0-1"]
[WhiteCountry "ENG"]
[BlackCountry "ENG"]
[WhiteElo "2061"]
[WhiteRD "118"]
[BlackElo "2639"]
[BlackRD "71"]
[GameID "444723"]

1. d4 Nf6 2. c4 e6 3. Nc3 Bb4 4. e3 O-O 5. Nf3 d5 6. Bd3 c5 7. O-O Nc6 8. a3 Bxc3 9. bxc3 dxc4 10. Bxc4 Qc7
11. Bb2 e5 12. h3 Bf5 13. Qe2 Rfe8 14. Rfd1 e4 15. Ng5 Bg6 16. d5 Ne5 17. Bb5 c4 18. d6 Qc5 19. Bxe8 Rxe8 20. Rd4 h6
21. Nxf7 Bxf7 22. a4 Qc6 23. Ba3 Qxa4 24. Qb2 Qd7 25. Rb1 Nf3+ 26. gxf3 Qxh3 27. fxe4 Re5 28. f4 Rh5 29. Qg2 Qxe3+ 30. Kf1 Rh4
31. e5 Bg6
0-1

[Event "2019 Standard Chess Dropout Tournament, Round 3"]
[Site "SchemingMind.com"]
[Date "2019.08.19"]
[Round "3"]
[White "MichaelG"]
[Black "John Hamer"]
[Result "1/2-1/2"]
[WhiteCountry "GER"]
[BlackCountry "ENG"]
[WhiteElo "1946"]
[WhiteRD "88"]
[BlackElo "1930"]
[BlackRD "69"]
[GameID "444724"]

1. Nf3 c6 2. c4 Nf6 3. g3 d5 4. Bg2 g6 5. b3 Bg7 6. Bb2 O-O 7. O-O a5 8. Nc3 Na6 9. cxd5 cxd5 10. d4 Bf5
11. Rc1 Rc8 12. Nh4 Be6 13. Nf3 h6 14. Re1 Bf5 15. h3 Re8 16. g4 Be4 17. Nd2 Bxg2 18. Kxg2 Nb4 19. a3 Nc6 20. Nf3 e6
21. Rc2 g5 22. Bc1 Qd7 23. e4 dxe4 24. Nxe4 Nd5 25. Ng3 Nxd4 26. Rxc8 Qxc8 27. Nxd4 Rd8 28. Kh2 Nc7 29. Be3 e5 30. Ngf5 Qb8
31. Nxg7 exd4 32. Bf4 gxf4 33. Nf5 Kf8 34. Qd2 Ne6 35. f3 Qc7 36. Rc1 Qb6 37. b4 a4 38. Qd3 Rd7 39. Nxh6 Ng5 40. Nf5 Ne6
41. h4 Kg8 42. h5=
1/2-1/2

[Event "2019 Standard Chess Dropout Tournament, Round 3"]
[Site "SchemingMind.com"]
[Date "2019.08.15"]
[Round "3"]
[White "Robert Pallett"]
[Black "Mike Winslow"]
[Result "1-0"]
[WhiteCountry "ENG"]
[BlackCountry "USA"]
[WhiteElo "2370"]
[WhiteRD "85"]
[BlackElo "1989"]
[BlackRD "94"]
[GameID "444725"]

1. e4 c6 2. d4 d5 3. Nc3 dxe4 4. Nxe4 Nd7 5. Bd3 Ngf6 6. Ng5 e6 7. N1f3 Bd6 8. O-O Qc7 9. Qe2 h6 10. Ne4 Nxe4
11. Qxe4 Nf6 12. Qh4 Nh7 13. Ne5 Bxe5 14. dxe5 Qxe5 15. Bf4 Qxb2 16. Qg3 Qf6 17. h4 Qe7 18. Qxg7 Qf8 19. Qd4 f5 20. Be2
1-0

[Event "2019 Standard Chess Dropout Tournament, Round 3"]
[Site "SchemingMind.com"]
[Date "2019.08.19"]
[Round "3"]
[White "Dan Geana"]
[Black "bmariusz"]
[Result "1-0"]
[WhiteCountry "ROU"]
[BlackCountry "POL"]
[WhiteElo "2610"]
[WhiteRD "115"]
[BlackElo "2009"]
[BlackRD "117"]
[GameID "444727"]

1. e4 e6 2. d4 d5 3. Nd2 c5 4. exd5 Qxd5 5. Ngf3 cxd4 6. Bc4 Qd6 7. O-O Nf6 8. Nb3 Nc6 9. Nbxd4 Nxd4 10. Nxd4 a6
11. Re1 Qc7 12. Bb3 Bd6 13. h3 O-O 14. Bg5 h6 15. Bxf6 gxf6 16. c3 h5 17. Qxh5 Qc5 18. Qe2 a5 19. Rad1 e5 20. Nb5 Bb8
21. Qh5 f5 22. Re3 f4 23. Rd8 Kg7 24. Qg5+ Kh7 25. Bxf7 Ra6 26. Red3 e4 27. Qxc5 Rxd8 28. Rxd8 f3 29. Qg5 Bh2+ 30. Kxh2 Bf5
31. Rh8+ Kxh8 32. Qg8#
1-0